00000000nam 2200000zi 4500
0019.922156
003CaOODSP
00520230502142613
006m     o  d f      
007cr |n|||||||||
008230502e20230216oncd    o    f|0| 0 fre d
040 |aCaOODSP|bfre|erda|cCaOODSP
043 |an-cn---
0861 |aYN5-261/2023F-PDF
24500|aUtilisation des pertes des sociétés.
264 1|aOttawa : |bBureau du Directeur parlementaire du budget = Office of the Parliamentary Budget Officer, |c16 février 2023.
264 4|c©2023
300 |a1 ressource en ligne (29 pages)
336 |atexte|btxt|2rdacontent/fre
337 |ainformatique|bc|2rdamedia/fre
338 |aressource en ligne|bcr|2rdacarrier/fre
500 |aPublié aussi en anglais sous le titre : Corporate loss utilization.
500 |a« RP-2223-022-S_f. »
520 |a« Dans ce rapport, nous analysons les pertes des sociétés et l’utilisation qu’elles en ont faite de 2000 à 2020 dans différents secteurs de l’économie. Plus précisément, nous nous concentrons sur l’utilisation des pertes d’exploitation nettes (autres qu’en capital) et des pertes en capital, qui représentent, en moyenne, plus de 95 % des pertes totales subies par les sociétés »--Résumé, page 1.
650 6|aSociétés|xImpôts|zCanada.
650 6|aImpôt sur le revenu|xDéductions|xPertes|zCanada.
7101 |aCanada. |bBureau du Directeur parlementaire du budget, |eorganisme de publication.
77508|tCorporate loss utilization.|w(CaOODSP)9.922113
85640|qPDF|s355 Ko|uhttps://publications.gc.ca/collections/collection_2023/dpb-pbo/YN5-261-2023-fra.pdf